000 00845nam a22001817a 4500
999 _c63870
_d63870
003 Ge_BSU
005 20260210111013.0
008 260210s1996 ge ||||| |||| 00| 0 geo d
041 _ageo
080 _a339.13(042.4) გ-61
100 _aგოგოხია, რევაზ
_93350
245 _aსაბაზრო ეკონომიკა :
_bლექციები /
_cრევაზ გოგოხია; [რედ.: როზეტა ასათიანი].
264 _aთბილისი :
_bსაქპროფგამი,
_c1996.
300 _a160 გვ. ;
_b 20 სმ.
653 _aსაბაზრო ეკონომიკა -- ლექციების კურსი
700 _aასათიანი, როზეტა
_eრედაქტორი
_926850
942 _2udc
_cᲬᲘᲒᲜᲘ